CompTIA Network+ 3 - Statistics

General Stats
  • This quiz has been taken 15 times
  • The average score is 7 of 22
Answer Stats
Hint Answer % Correct
DoS Denial of Service
100%
DDoS Distributed Denial of Service
100%
DHCP Dynamic Host Configuration Protocol
100%
dB Decibel
80%
DMZ Demilitarized Zone
80%
DNS Domain Name Service/Domain Name Server/Domain Name System
80%
Daas Desktop as a Service
40%
CWDM Coarse Wavelength Division Multiplexing
20%
CRC Cyclic Redundancy Check
20%
DLP Data Loss Prevention
20%
DOCSIS Data-Over-Cable Service Interface Specification
20%
DNAT Destination Network Address Translation
20%
CSMA/CA Carrier Sense Multiple Access/Collision Avoidance
0%
CRAM-MD5 Challenge-Response Authentication Mechanism–Message Digest 5
0%
CSU Channel Service Unit
0%
CVW Collaborative Virtual Workspace
0%
CVE Common Vulnerabilities and Exposures
0%
DLC Data Link Control
0%
DPI Deep Packet Inspection
0%
DLR Device Level Ring
0%
DCS Distributed Computer System
0%
DMVPN Dynamic Multipoint Virtual Private Network
0%
No matching quizzes found
Score Distribution
Percent of People with Each Score
Percentile by Number Answered
Your Score History
You have not taken this quiz